000
00287nam a2200109 4500
008
160622b xxu||||| |||| 00| 0 eng d
100
_9
450
_a
Allen, L,
245
_a
Lionel and Spy Next Door
260
_a
Lon
_b
Homish Hamilton
_c
1985
300
_a
Lionel and Spy Next Door
942
_2
ddc
_c
BK
999
_c
372
_d
372